[Event "ICS rated blitz match"]
[Site "204.178.125.65"]
[Date "2000.01.20"]
[Round "?"]
[White "Hossa"]
[Black "PackMaster"]
[Result "0-1"]
[WhiteElo "2454"]
[BlackElo "2495"]
[PlyCount "134"]

1. Nf3 c5 2. e4 d6 3. d4 cxd4 4. Nxd4 Nf6 5. Bb5+ Nbd7 6. Nc3 g6 7. O-O Bg7 8.
Bg5 O-O 9. Qd2 Qb6 10. Rfd1 Nb8 11. Bxf6 exf6 12. Nd5 Qd8 13. Bc4 Nd7 14. Rac1
Nc5 15. f3 a5 16. Nb5 Na4 17. Nbc7 Rb8 18. c3 f5 19. Qf2 fxe4 20. fxe4 Nc5 21.
Re1 Qg5 22. Rcd1 Bg4 23. Rd2 Bd7 24. Re3 b5 25. Bd3 Qe5 26. Qh4 f6 27. Rf3 Rfc8
28. Qf4 Qxf4 29. Rxf4 Bh6 30. g3 Kg7 31. Bc2 a4 32. b3 Rb7 33. b4 Bxf4 34. gxf4
Ne6 35. Nxe6+ Bxe6 36. h4 Bxd5 37. Rxd5 Rxc3 38. Bd3 Ra3 39. Rxb5 Rxb5 40. Bxb5
Rxa2 41. Bc4 Rd2 42. b5 Rd4 43. Be6 Rxe4 44. Bd5 Rxf4 45. b6 a3 46. b7 Rb4 47.
Kf1 Rxb7 48. Kg2 Rb5 49. Bc4 d5 50. Bxb5 a2 51. Kg3 a1=Q 52. Bd7 Qg1+ 53. Kf3
d4 54. h5 d3 55. hxg6 d2 56. Ba4 d1=Q+ 57. Bxd1 Qxd1+ 58. Ke3 hxg6 59. Ke4 Qe2+
60. Kd4 g5 61. Kc3 g4 62. Kd4 g3 63. Kc5 g2 64. Kd6 g1=Q 65. Kc7 Qc5+ 66. Kb7
Qeb5+ 67. Ka8 Qa3# 0-1

[Event "ICS rated blitz match"]
[Site "204.178.125.65"]
[Date "2000.01.20"]
[Round "?"]
[White "Njall"]
[Black "Hossa"]
[Result "0-1"]
[WhiteElo "2116"]
[BlackElo "2440"]
[PlyCount "84"]

1. d4 Nf6 2. c4 e6 3. Nc3 Bb4 4. f3 d5 5. a3 Bxc3+ 6. bxc3 Nbd7 7. cxd5 exd5 8.
e3 c5 9. Bd3 Rb8 10. Ne2 O-O 11. O-O Re8 12. Ng3 Qa5 13. Bd2 Qb6 14. Rb1 Qd6
15. Qc2 Nb6 16. Rbe1 Bd7 17. Bc1 Rbc8 18. Qf2 cxd4 19. cxd4 Qc7 20. e4 Qc3 21.
Bb1 Bb5 22. Bb2 Qa5 23. e5 Bxf1 24. Rxf1 Nfd7 25. Nf5 Nc4 26. Bc1 Qb6 27. Bd3
f6 28. Qg3 g6 29. Kh1 fxe5 30. Nh6+ Kf8 31. dxe5 Ncxe5 32. f4 Nxd3 33. Qxd3 Qa6
34. Qxa6 bxa6 35. f5 Kg7 36. Ng4 gxf5 37. Bb2+ Kg6 38. Nf2 Rc4 39. Nd3 Re2 40.
Bc1 Rec2 41. Be3 d4 42. Nf4+ Kf7 0-1

[Event "ICS rated blitz match"]
[Site "204.178.125.65"]
[Date "2000.01.20"]
[Round "?"]
[White "Hossa"]
[Black "Njall"]
[Result "1-0"]
[WhiteElo "2444"]
[BlackElo "2112"]
[PlyCount "147"]

1. e4 c6 2. d4 d5 3. Nc3 dxe4 4. Nxe4 Bf5 5. Ng3 Bg6 6. h4 h6 7. Nf3 Nd7 8. h5
Bh7 9. Bd3 Bxd3 10. Qxd3 Ngf6 11. Bd2 e6 12. Qe2 Be7 13. O-O-O a5 14. Rhe1 a4
15. a3 b5 16. Ne5 Nxe5 17. dxe5 Nd5 18. Qg4 Kf8 19. Qf3 Bg5 20. Ne4 Bxd2+ 21.
Rxd2 Qe7 22. Red1 Kg8 23. Qg4 Kh7 24. Nd6 Rhf8 25. Qd4 Qg5 26. g4 Qf4 27. Qxf4
Nxf4 28. Ne4 Nd5 29. Nc5 Ra7 30. Kb1 Re7 31. c4 bxc4 32. Kc2 f6 33. Nxa4 fxe5
34. Nc5 Rf3 35. Ne4 Rb7 36. a4 Rf4 37. Re1 Rb3 38. g5 hxg5 39. Rde2 g4 40. Ng5+
Kh6 41. Nxe6 Nb4+ 42. Kb1 Rf6 43. Nc5 Rbf3 44. Nd7 R6f5 45. Nxe5 R3f4 46. Rg1
Kxh5 47. f3 Nd3 48. Rxg4 Kh6 49. Rh2+ Rh5 50. Rg6+ Kh7 51. Rxh5+ Kg8 52. Rxc6
Nxe5 53. Rxe5 c3 54. Rxc3 Rxa4 55. Re7 Rf4 56. Rcc7 Rxf3 57. Rxg7+ Kf8 58.
Rgf7+ Rxf7 59. Rxf7+ Kxf7 60. Ka2 Ke6 61. Kb3 Kd5 62. Kb4 Kc6 63. Ka5 Kb7 64.
Kb5 Kc7 65. Ka6 Kc6 66. b4 Kc7 67. b5 Kb8 68. Kb6 Ka8 69. Kc7 Ka7 70. b6+ Ka6
71. b7 Ka5 72. b8=Q Ka4 73. Qb2 Ka5 74. Qb3 1-0

[Event "ICS rated blitz match"]
[Site "204.178.125.65"]
[Date "2000.01.20"]
[Round "?"]
[White "Njall"]
[Black "Hossa"]
[Result "0-1"]
[WhiteElo "2130"]
[BlackElo "2449"]
[PlyCount "100"]

1. d4 Nf6 2. c4 e6 3. Nc3 Bb4 4. f3 d5 5. a3 Bxc3+ 6. bxc3 Nbd7 7. cxd5 exd5 8.
e3 c5 9. Bd3 Rb8 10. Ne2 O-O 11. O-O Re8 12. Ra2 b5 13. Ng3 Qb6 14. Re2 Bb7 15.
Bb2 Re6 16. e4 Rbe8 17. e5 cxd4 18. cxd4 Rxe5 19. Kh1 Rxe2 20. Nxe2 a5 21. Nf4
b4 22. axb4 Qxb4 23. Ba1 a4 24. Qc1 a3 25. g4 Rc8 26. Qe3 Nb6 27. g5 Re8 28.
Qf2 Nfd7 29. Nh5 Qe7 30. Qh4 g6 31. Nf6+ Nxf6 32. gxf6 Qe3 33. Bb5 Re6 34. Kg2
Bc6 35. Ba6 Nd7 36. Rf2 Rxf6 37. Qg3 Qc1 38. Rf1 Qd2+ 39. Kh1 Rf4 40. Qg5 f6
41. Qh6 a2 42. Qh3 f5 43. Qh6 Rxd4 44. Qh3 Ra4 45. Bc8 Ra8 46. Bxd7 Bxd7 47.
Qg3 f4 48. Qg5 Qd3 49. Rf2 Bh3 50. Qg1 Rb8 0-1

[Event "ICS rated blitz match"]
[Site "204.178.125.65"]
[Date "2000.01.20"]
[Round "?"]
[White "Hossa"]
[Black "Njall"]
[Result "1-0"]
[WhiteElo "2453"]
[BlackElo "2126"]
[PlyCount "103"]

1. e4 c6 2. d4 d5 3. Nc3 dxe4 4. Nxe4 Bf5 5. Ng3 Bg6 6. h4 h6 7. Nf3 Nd7 8. h5
Bh7 9. Bd3 Bxd3 10. Qxd3 Ngf6 11. Bd2 e6 12. Qe2 Be7 13. O-O-O a5 14. Rhe1 a4
15. a3 b5 16. Ne5 Nxe5 17. dxe5 Nd5 18. Qg4 Kf8 19. Qf3 Kg8 20. Qd3 Qb6 21. Ne4
b4 22. axb4 Bxb4 23. Bxb4 Qxb4 24. c3 Qb3 25. Nd2 Qb6 26. Nc4 Qxf2 27. g3 Qc5
28. Re2 Kf8 29. Rf1 Ke7 30. Nd6 Rhf8 31. Qf3 f5 32. Qf2 Qxf2 33. Rexf2 a3 34.
bxa3 Rxa3 35. c4 Ra1+ 36. Kd2 Rxf1 37. Rxf1 Nf6 38. Ra1 Rd8 39. exf6+ Kxd6 40.
fxg7 Kc5+ 41. Kc3 Rg8 42. Ra7 e5 43. Rd7 f4 44. gxf4 exf4 45. Kd3 f3 46. Ke3
Kxc4 47. Kxf3 c5 48. Ke4 Kc3 49. Kd5 c4 50. Ke6 Kb4 51. Kf7 Rxg7+ 52. Kxg7 1-0

[Event "ICS rated blitz match"]
[Site "204.178.125.65"]
[Date "2000.01.20"]
[Round "?"]
[White "Njall"]
[Black "Hossa"]
[Result "0-1"]
[WhiteElo "2122"]
[BlackElo "2457"]
[PlyCount "70"]

1. d4 Nf6 2. c4 e6 3. Nc3 Bb4 4. f3 d5 5. a3 Bxc3+ 6. bxc3 Nbd7 7. cxd5 exd5 8.
e3 c5 9. Bd3 Rb8 10. Ne2 O-O 11. O-O Re8 12. Ra2 b5 13. Ng3 Qb6 14. Raf2 Ba6
15. Re1 cxd4 16. cxd4 b4 17. axb4 Bxd3 18. Qxd3 Qxb4 19. Bd2 Qb2 20. e4 Rb3 21.
Qa6 Qxd4 22. Nf5 Qb6 23. Qxb6 axb6 24. exd5 Rxe1+ 25. Bxe1 Nxd5 26. Rd2 N5f6
27. Bh4 h5 28. Ne7+ Kh8 29. Bxf6 Nxf6 30. Rd8+ Kh7 31. Rf8 Rc3 32. Nf5 Rc7 33.
Nd6 Kg6 34. Rb8 Nd7 35. h4 Nxb8 0-1

[Event "ICS Rated standard match"]
[Site "204.178.125.65"]
[Date "2000.01.20"]
[Round "?"]
[White "AndyWarren"]
[Black "Hossa"]
[Result "0-1"]
[WhiteElo "2039"]
[BlackElo "2286"]
[PlyCount "122"]

1. e4 c5 2. Nf3 d6 3. d4 cxd4 4. Nxd4 Nf6 5. Nc3 Nc6 6. Be2 g6 7. O-O Bg7 8.
Be3 O-O 9. Qd2 Nxd4 10. Bxd4 b6 11. f4 Rb8 12. Rae1 Bb7 13. Bd3 Rc8 14. Ne2 d5
15. e5 Ne4 16. Qe3 Qd7 17. a3 e6 18. Ng3 Nxg3 19. hxg3 Qa4 20. g4 Ba6 21. Bxa6
Qxa6 22. c3 Qc4 23. f5 Rfe8 24. f6 Bf8 25. g5 Bc5 26. Rf4 Qb3 27. Re2 Bxd4 28.
Rxd4 Rc4 29. Qd2 Rxd4 30. Qxd4 Rc8 31. Qd2 Rc4 32. Re3 Qa2 33. Re2 Qb1+ 34. Re1
Qf5 35. b3 Re4 36. Rxe4 Qxe4 37. c4 Qxe5 38. cxd5 exd5 39. Qb4 Qe3+ 40. Kh1
Qxg5 41. Qe7 Qc1+ 42. Kh2 Qf4+ 43. Kh1 Qb8 44. Qd7 Qa8 45. Qd6 h5 46. Qf4 Qd8
47. Qd4 Qd6 48. b4 g5 49. a4 Qe6 50. a5 Kh7 51. Qd3+ Qe4 52. Qa6 Qh4+ 53. Kg1
Qd4+ 54. Kh1 bxa5 55. bxa5 Kg6 56. Kh2 Qc5 57. Kh1 d4 58. Kh2 Qc7+ 59. Kg1 Qc2
60. Qxa7 d3 61. Qe7 d2 0-1

[Event "ICS rated blitz match"]
[Site "204.178.125.65"]
[Date "2000.01.20"]
[Round "?"]
[White "PostModernist"]
[Black "Hossa"]
[Result "0-1"]
[WhiteElo "2569"]
[BlackElo "2461"]
[PlyCount "154"]

1. Nf3 c5 2. e4 d6 3. d4 cxd4 4. Nxd4 Nf6 5. Nc3 Nbd7 6. g3 g6 7. Bg5 Bg7 8.
Qd2 h6 9. Be3 Ng4 10. O-O-O Nxe3 11. Qxe3 O-O 12. f4 Nc5 13. h4 Ne6 14. Nde2 a5
15. e5 a4 16. exd6 a3 17. bxa3 Rxa3 18. dxe7 Qxe7 19. Nd5 Qd6 20. c3 Kh8 21.
Qd2 Nd4 22. Qb2 Nxe2+ 23. Bxe2 Qc5 24. g4 Be6 25. Rh3 Rd8 26. Bf3 Bxd5 27. Bxd5
Bxc3 28. Qc2 Rxd5 29. Rxd5 Qxd5 30. Rd3 Qc4 31. Kb1 Qb4+ 32. Kc1 Qxf4+ 33. Kb1
Qb4+ 34. Kc1 Bd2+ 35. Rxd2 Rc3 36. g5 Rxc2+ 37. Rxc2 h5 38. Rg2 Qc4+ 39. Rc2
Qxh4 40. Rd2 Qxg5 41. Kc2 Kg7 42. a3 Qc5+ 43. Kb2 Qb5+ 44. Ka2 f5 45. Rc2 g5
46. Rc7+ Kg6 47. Rc3 Qd5+ 48. Kb2 h4 49. Ka1 Qd4 50. Kb2 h3 51. Kb3 Qxc3+ 52.
Kxc3 g4 53. Kd3 g3 54. Ke2 g2 55. Kf2 h2 56. Kxg2 h1=Q+ 57. Kxh1 b5 58. Kh2 f4
59. Kg2 Kf5 60. Kf3 Ke5 61. Kf2 Ke4 62. Ke2 f3+ 63. Kf2 Kf4 64. Ke1 Ke3 65. Kf1
f2 66. Kg2 Ke2 67. Kh3 Kd2 68. Kh4 Ke3 69. Kh5 Ke4 70. Kh6 Kf5 71. Kg7 Ke5 72.
Kf7 f1=Q+ 73. Ke7 Qd3 74. Ke8 Qxa3 75. Kd8 Kd6 76. Ke8 Qf3 77. Kd8 Qf8# 0-1

[Event "ICS rated blitz match"]
[Site "204.178.125.65"]
[Date "2000.01.20"]
[Round "?"]
[White "Hossa"]
[Black "PostModernist"]
[Result "1-0"]
[WhiteElo "2482"]
[BlackElo "2548"]
[PlyCount "207"]

1. e4 c5 2. Nf3 d6 3. d4 Nf6 4. Nc3 cxd4 5. Nxd4 Nc6 6. Bg5 a6 7. Bc4 Ne5 8.
Bb3 e6 9. f4 Ned7 10. f5 Nc5 11. Bxf6 Qxf6 12. O-O e5 13. Nf3 Bd7 14. Nd5 Qd8
15. Nd2 Be7 16. Re1 Nxb3 17. axb3 b5 18. Nf3 Bc6 19. b4 Bxd5 20. Qxd5 Qb6+ 21.
Kh1 O-O 22. Red1 Ra7 23. Rd2 Kh8 24. Ra3 Rc7 25. c3 Ra7 26. Ra1 Kg8 27. Ra5 Rd8
28. Ra3 Bf6 29. Ra1 Kh8 30. Rad1 Rad7 31. h3 Rc8 32. Ra1 Re8 33. Ra5 Red8 34.
Ra3 Rg8 35. h4 Rf8 36. h5 Rfd8 37. Ra2 Rg8 38. Rd1 Rc8 39. Rda1 Ra7 40. Ra5 Rd8
41. Kh2 Rda8 42. h6 gxh6 43. Rd1 Rd8 44. Qd2 Bg7 45. Qd3 Qc6 46. Kg1 Raa8 47.
Rd2 Kg8 48. Ra1 Qb6+ 49. Kf1 Bf6 50. Ra5 Bg5 51. Nxg5 hxg5 52. Qg3 f6 53. Rd5
h5 54. Qh3 h4 55. Qf3 Qb7 56. Qh5 Qf7 57. Qd1 Qc7 58. Qh5 Qb7 59. Ra1 Qf7 60.
Qh6 Qg7 61. Qh5 Ra7 62. Kg1 Kf8 63. Ra5 Raa8 64. Kf1 Ke7 65. Qg4 Kd7 66. Qd1
Kc7 67. Qh5 Kb7 68. Kf2 Rac8 69. Qd1 Qd7 70. Kg1 Qc6 71. Qe2 Qb6+ 72. Kh1 Rc4
73. Qf3 Rg8 74. Qd3 Kc7 75. b3 Rc6 76. Qd2 Kd7 77. Rd3 Rgc8 78. Rh3 Kc7 79. Rd3
Kb8 80. Kh2 g4 81. Qe1 g3+ 82. Kh3 Rg8 83. Qa1 Qa7 84. Qd1 Qc7 85. Ra2 Rg5 86.
Ra3 Kc8 87. Qa1 Qb7 88. Ra5 Rg8 89. Qd1 Rb6 90. Rd5 Qg7 91. Qh5 Rc6 92. Rd3 Kc7
93. Ra1 Kb8 94. Qd1 Qg5 95. Rxd6 Rgc8 96. Rxa6 Rxa6 97. Rxa6 Kb7 98. Ra5 Kc7
99. Ra7+ Kb8 100. Qd7 Qg4+ 101. Kxg4 Rg8+ 102. Kh3 Rg7 103. Rb7+ Ka8 104. Qc8#
1-0

[Event "ICS rated blitz match"]
[Site "204.178.125.65"]
[Date "2000.01.20"]
[Round "?"]
[White "Hossa"]
[Black "Beadle"]
[Result "1/2-1/2"]
[WhiteElo "2501"]
[BlackElo "2557"]
[PlyCount "136"]

1. e4 c6 2. d4 d5 3. Nc3 dxe4 4. Nxe4 Nf6 5. Nxf6+ exf6 6. Nf3 Bd6 7. Bd3 Be6
8. O-O O-O 9. Re1 Qa5 10. Bd2 Qb6 11. Bc3 Nd7 12. Nd2 Qc7 13. Qh5 g6 14. Qh4
Bd5 15. Ne4 Bxe4 16. Rxe4 Rae8 17. Rae1 Rxe4 18. Rxe4 Nb6 19. Ba5 f5 20. Re3
Rc8 21. Rh3 h5 22. Re3 Qb8 23. Bxb6 axb6 24. g3 Re8 25. Qg5 Rxe3 26. Qxe3 b5
27. d5 Qd8 28. c4 bxc4 29. Bxc4 cxd5 30. Bxd5 Bxg3 31. Qb3 Be5 32. Qxb7 Kg7 33.
Qxf7+ Kh6 34. h3 Bxb2 35. Kf1 Bd4 36. Qg8 Qd6 37. Kg2 Qc5 38. a4 Qb4 39. Bf7
Qd6 40. h4 Bg7 41. Qe8 Qb4 42. Qe3+ Kh7 43. Qe6 Qg4+ 44. Kf1 Bd4 45. a5 Kh6 46.
Qe7 Qf4 47. Qf8+ Bg7 48. Qd8 Qc1+ 49. Kg2 Qf4 50. Qe7 Qg4+ 51. Kh2 Kh7 52. Kh1
Qf3+ 53. Kg1 Qd1+ 54. Kg2 Qd4 55. Qg5 Qe4+ 56. Kg3 Be5+ 57. f4 Qe3+ 58. Kg2
Qe2+ 59. Kg3 Qd3+ 60. Kg2 Qd2+ 61. Kh3 Qd3+ 62. Kh2 Qc2+ 63. Kg3 Qc3+ 64. Kh2
Qc2+ 65. Kg3 Qd3+ 66. Kg2 Qd2+ 67. Kh3 Qd3+ 68. Kh2 Qc2+ 1/2-1/2

[Event "ICS rated blitz match"]
[Site "204.178.125.65"]
[Date "2000.01.20"]
[Round "?"]
[White "star"]
[Black "Hossa"]
[Result "1-0"]
[WhiteElo "2324"]
[BlackElo "2504"]
[PlyCount "81"]

1. d4 Nf6 2. c4 e6 3. Nf3 d5 4. Bg5 dxc4 5. e4 b5 6. a4 c6 7. Nc3 b4 8. Na2 Ba6
9. e5 b3 10. Nc3 h6 11. Bh4 g5 12. Nxg5 hxg5 13. Bxg5 Be7 14. exf6 Bxf6 15.
Bxf6 Qxf6 16. Ne4 Qf4 17. Nc5 Rxh2 18. Rxh2 Qxh2 19. Qf3 Qd6 20. O-O-O Qd5 21.
Qf4 Bc8 22. Ne4 Nd7 23. Nd6+ Ke7 24. Nxf7 c3 25. Re1 Nb6 26. Ne5 cxb2+ 27. Kxb2
Nxa4+ 28. Ka3 Nb6 29. Qh4+ Ke8 30. Qh8+ Ke7 31. Ng6+ Kf7 32. Qf8+ Kxg6 33. Bd3+
Qf5 34. Bxf5+ exf5 35. Rh1 Nc4+ 36. Kb4 a5+ 37. Kc3 Ne3 38. Rh6+ Kg5 39. Qg7+
Kf4 40. Qg3+ Ke4 41. Qe5# 1-0

[Event "ICS rated blitz match"]
[Site "204.178.125.65"]
[Date "2000.01.20"]
[Round "?"]
[White "Hossa"]
[Black "star"]
[Result "0-1"]
[WhiteElo "2480"]
[BlackElo "2348"]
[PlyCount "104"]

1. e4 e5 2. f4 exf4 3. Nf3 d5 4. exd5 Bd6 5. Bc4 Bg4 6. O-O Ne7 7. Nc3 Nd7 8.
h3 Bh5 9. Qe1 Bxf3 10. Rxf3 Ne5 11. Rxf4 Nd3 12. Bxd3 Bxf4 13. Bb5+ Kf8 14. Qe4
a6 15. Bxa6 Rxa6 16. Qxf4 Nxd5 17. Nxd5 Qxd5 18. Qxc7 Rg6 19. g3 Re6 20. d3 Re2
21. Qc8+ Ke7 22. Qc7+ Ke6 23. Qc4 Rg2+ 24. Kh1 Rxc2+ 25. Qxd5+ Kxd5 26. Be3 Ra8
27. a4 Rxb2 28. d4 f6 29. a5 Ra6 30. Rf1 Rb3 31. Bf2 Rxa5 32. Re1 Ra2 33. Kg2
Rbb2 34. Rf1 b5 35. Kf3 Rxf2+ 36. Rxf2 Rxf2+ 37. Kxf2 Kxd4 38. Ke1 Kc3 39. Kd1
b4 40. g4 b3 41. Ke2 b2 42. Kf3 b1=Q 43. g5 Qd3+ 44. Kg2 Qe2+ 45. Kg3 fxg5 46.
h4 gxh4+ 47. Kf4 Kd4 48. Kf5 Qe4+ 49. Kg5 h3 50. Kh5 h2 51. Kg5 h6+ 52. Kh5
h1=Q# 0-1

[Event "ICS Rated standard match"]
[Site "204.178.125.65"]
[Date "2000.01.20"]
[Round "?"]
[White "Hossa"]
[Black "Imba"]
[Result "1-0"]
[WhiteElo "2292"]
[BlackElo "2200"]
[PlyCount "95"]

1. e4 Nc6 2. Nf3 f5 3. exf5 d5 4. Bb5 Bxf5 5. Ne5 Qd6 6. d4 Nf6 7. O-O Nd7 8.
Bxc6 bxc6 9. Bf4 Nxe5 10. Bxe5 Qd7 11. c4 e6 12. c5 h5 13. Qe2 h4 14. h3 Qf7
15. Qa6 Kd7 16. Qb7 Rc8 17. Qxa7 Qg6 18. Kh1 Be7 19. Re1 Bf6 20. Qa4 Bxe5 21.
dxe5 Be4 22. f3 Bf5 23. Qd4 Qg5 24. Nc3 Rh6 25. Rf1 Rg6 26. Rf2 Ke7 27. f4 Qh5
28. Qa4 Kd7 29. Ne2 Rf8 30. Nd4 Ke7 31. Qxc6 Kf7 32. Qxc7+ Kg8 33. Qd6 Be4 34.
Nxe6 Re8 35. f5 Rxg2 36. Rxg2 Qf3 37. Nf4 Qxf4 38. Qg6 Bxg2+ 39. Qxg2 Rxe5 40.
Rg1 Qh6 41. c6 Re7 42. Qxd5+ Kh7 43. Qg2 Qd6 44. Qg6+ Qxg6 45. fxg6+ Kh6 46. b4
Rc7 47. b5 Rc8 48. Rb1 1-0

[Event "ICS rated blitz match"]
[Site "204.178.125.65"]
[Date "2000.01.20"]
[Round "?"]
[White "Hossa"]
[Black "chesscomputer2"]
[Result "1-0"]
[WhiteElo "2449"]
[BlackElo "2529"]
[PlyCount "57"]

1. e4 c5 2. Nf3 Nc6 3. Nc3 g6 4. d4 cxd4 5. Nxd4 Bg7 6. Be3 Nf6 7. Nxc6 bxc6 8.
e5 Ng8 9. f4 f6 10. Bd4 Qa5 11. Bc4 fxe5 12. fxe5 Bxe5 13. b4 Qc7 14. O-O Bxh2+
15. Kh1 Nf6 16. Rxf6 exf6 17. Bxf6 d5 18. Nxd5 cxd5 19. Qxd5 Bg3 20. Bxh8 Qf4
21. Bb5+ Ke7 22. Qc5+ Qd6 23. Qe3+ Kd8 24. Qf3 Rb8 25. Bf6+ Kc7 26. Be7 Rxb5
27. Bxd6+ Bxd6 28. Kg1 Rxb4 29. Qf7+ 1-0

[Event "ICS rated blitz match"]
[Site "204.178.125.65"]
[Date "2000.01.20"]
[Round "?"]
[White "PostModernist"]
[Black "Hossa"]
[Result "1-0"]
[WhiteElo "2531"]
[BlackElo "2466"]
[PlyCount "75"]

1. e4 e5 2. Nf3 Nc6 3. d4 exd4 4. Bc4 Nf6 5. O-O Nxe4 6. Re1 f5 7. Nxd4 Nxd4 8.
Qxd4 Qh4 9. Nc3 Bd6 10. Nxe4 Qxh2+ 11. Kf1 Qh1+ 12. Ke2 Qh5+ 13. Kd3 fxe4+ 14.
Qxe4+ Kf8 15. Re3 Be5 16. Qxe5 Qxe5 17. Rxe5 d6 18. Re3 Bf5+ 19. Kc3 Bg6 20.
Bd2 c6 21. Rf3+ Ke7 22. Re1+ Kd7 23. Be6+ Kd8 24. Bf7 d5 25. Bxg6 hxg6 26. Rf7
b5 27. Bg5+ Kc8 28. Ree7 b4+ 29. Kxb4 Rb8+ 30. Ka3 Rb5 31. Rc7+ Kb8 32. Rxa7
Kc8 33. Bf4 Rb8 34. Rac7+ Kd8 35. Bg5+ Ke8 36. Rce7+ Kd8 37. Re6+ Kc8 38. Rxc6#
1-0

[Event "ICS rated blitz match"]
[Site "204.178.125.65"]
[Date "2000.01.21"]
[Round "?"]
[White "Hossa"]
[Black "Amateur"]
[Result "1/2-1/2"]
[WhiteElo "2453"]
[BlackElo "2483"]
[PlyCount "43"]

1. e4 e6 2. d4 d5 3. Nc3 Nf6 4. Bd3 Bb4 5. e5 Ne4 6. Nge2 Bxc3+ 7. bxc3 Qh4 8.
O-O O-O 9. c4 Nc6 10. cxd5 exd5 11. Be3 Bd7 12. Qb1 Rab8 13. c4 Be6 14. g3 Qg4
15. cxd5 Bxd5 16. Nf4 Ng5 17. Nxd5 Nf3+ 18. Kg2 Nh4+ 19. Kg1 Nf3+ 20. Kg2 Nh4+
21. Kg1 Nf3+ 22. Kg2 1/2-1/2

[Event "ICS rated standard match"]
[Site "204.178.125.65"]
[Date "2000.01.21"]
[Round "?"]
[White "ET2000"]
[Black "Hossa"]
[Result "1-0"]
[WhiteElo "2613"]
[BlackElo "2309"]
[PlyCount "103"]

1. d4 Nf6 2. c4 e6 3. Nf3 d5 4. g3 dxc4 5. Bg2 c5 6. O-O cxd4 7. Nxd4 e5 8. Nb5
Nbd7 9. Be3 a6 10. Nd6+ Bxd6 11. Qxd6 a5 12. Na3 Ra6 13. Qd2 c3 14. Qxc3 O-O
15. Rfd1 Ng4 16. Rac1 Nxe3 17. Qxe3 Qe8 18. Nb5 Qe7 19. Rc7 Qe6 20. Bd5 Qh3 21.
Na7 Nb6 22. Bxf7+ Rxf7 23. Rd8+ Rf8 24. Rxf8+ Kxf8 25. Nxc8 Nxc8 26. Qg5 Ke8
27. Qxg7 Kd8 28. Rf7 Qe6 29. Rf8+ Qe8 30. Rxe8+ Kxe8 31. Qxb7 Rd6 32. Qxc8+ Ke7
33. Qc7+ Ke6 34. Qxh7 Rd1+ 35. Kg2 Rd5 36. Qg8+ Kd6 37. h4 Kc5 38. h5 Rd6 39.
Qf8 Kc6 40. h6 Rd7 41. Qc8+ Kd6 42. Qa6+ Kd5 43. Qb5+ Ke6 44. Qc6+ Rd6 45. Qe8+
Kf5 46. h7 Rh6 47. Qf7+ Rf6 48. Qd7+ Kg6 49. h8=Q Rxf2+ 50. Kxf2 a4 51. Qxe5 a3
52. Qdg7# 1-0

[Event "ICS rated blitz match"]
[Site "204.178.125.65"]
[Date "2000.01.21"]
[Round "?"]
[White "Beadle"]
[Black "Hossa"]
[Result "0-1"]
[WhiteElo "2540"]
[BlackElo "2454"]
[PlyCount "138"]

1. d4 Nf6 2. c4 e6 3. Nf3 b6 4. e3 Bb7 5. Bd3 Bb4+ 6. Bd2 Bxd2+ 7. Nbxd2 c5 8.
O-O d6 9. Kh1 O-O 10. dxc5 bxc5 11. Ng5 Nc6 12. Qb1 g6 13. f4 d5 14. a3 Rb8 15.
cxd5 exd5 16. b3 Ba8 17. Qe1 Na5 18. b4 c4 19. Bc2 Nc6 20. Rd1 Qe7 21. Ndf3
Rfe8 22. Qc3 h6 23. Nxf7 Kxf7 24. Ng5+ Kg8 25. Bxg6 hxg5 26. Bxe8 Rxe8 27. b5
Nd8 28. fxg5 Ng4 29. Rde1 Qxg5 30. e4 Qh4 31. h3 Nf2+ 32. Kg1 Nxe4 33. Qa5 Qe7
34. b6 Ne6 35. bxa7 Qc5+ 36. Qxc5 N6xc5 37. Rb1 Nb3 38. Rf4 Re7 39. Rg4+ Kh7
40. Rh4+ Kg6 41. Rf1 Rxa7 42. Rg4+ Kh7 43. Rf5 Rg7 44. Rh4+ Kg8 45. Rhf4 Rg5
46. Rxg5+ Nxg5 47. Rg4 c3 48. Rxg5+ Kh7 49. Rf5 c2 50. Rf7+ Kg6 51. Rc7 c1=Q+
52. Rxc1 Nxc1 53. Kf2 d4 54. h4 Bxg2 55. a4 Be4 56. a5 d3 57. Ke3 Nb3 58. Kxe4
d2 59. Ke5 d1=Q 60. Kf4 Qd4+ 61. Kf3 Qxh4 62. a6 Qf6+ 63. Ke3 Qxa6 64. Ke4 Kf6
65. Kf3 Kf5 66. Kf2 Kg4 67. Kg2 Qa2+ 68. Kg1 Kf3 69. Kf1 Qa1# 0-1

[Event "ICS rated blitz match"]
[Site "204.178.125.65"]
[Date "2000.01.21"]
[Round "?"]
[White "Hossa"]
[Black "Beadle"]
[Result "1/2-1/2"]
[WhiteElo "2474"]
[BlackElo "2520"]
[PlyCount "229"]

1. e4 c6 2. d4 d5 3. Nc3 dxe4 4. Nxe4 Nf6 5. Nxf6+ exf6 6. Nf3 Bd6 7. Bd3 Be6
8. O-O O-O 9. Re1 Qa5 10. Bd2 Qb6 11. Bc3 Nd7 12. Nd2 Qc7 13. Qh5 f5 14. g3 Nf6
15. Qg5 Rfe8 16. Re2 h6 17. Qh4 Qd7 18. Rae1 Bd5 19. Qh3 Be6 20. Nc4 f4 21. Qh4
fxg3 22. hxg3 Bxc4 23. Bxc4 Rxe2 24. Rxe2 Re8 25. Rxe8+ Qxe8 26. Bd3 Qe6 27. b3
Kf8 28. a4 h5 29. d5 cxd5 30. Bxf6 Qxf6 31. Qxf6 gxf6 32. Be2 Ke7 33. Bxh5 Ke6
34. Bf3 f5 35. c4 dxc4 36. bxc4 b6 37. Kg2 f6 38. Bb7 f4 39. g4 Ke5 40. Bc6 Kd4
41. Bb5 Bc5 42. Kf3 Kc3 43. Ke2 Bd4 44. f3 Bc5 45. Kf1 Kd2 46. Ba6 Ke3 47. Kg2
Ke2 48. Bc8 Kd2 49. Bd7 Bd4 50. Bb5 Ke3 51. Bc6 Kd3 52. Bb5 Bc5 53. Kh2 Kd2 54.
Kh3 Ke3 55. Bc6 Kd3 56. Bb5 Ke2 57. Bc6 Bf2 58. Kg2 Be3 59. Bb7 Kd3 60. Ba6 Kc3
61. Kh3 Bd4 62. Bb5 Bf2 63. Kh2 a5 64. Kh1 Bd4 65. Kg2 Kd2 66. Kh2 Bc5 67. Ba6
Kc3 68. Kh3 Bf2 69. Bb5 Kc2 70. Kg2 Be3 71. Kf1 Kc3 72. Ke2 Bc5 73. Kd1 Bd4 74.
Kc1 Be3+ 75. Kb1 Kb3 76. Ka1 Bd4+ 77. Kb1 Bb2 78. Bc6 Bc3 79. Bb5 Bd2 80. Ka1
Bc1 81. Kb1 Ba3 82. Ka1 Kc2 83. Ka2 Bc5 84. Ba6 Bd6 85. Bb7 Kc3 86. Ba6 Bc5 87.
Ka1 Kb3 88. Bb5 Kc2 89. Ka2 Bd6 90. Ba6 Be5 91. Bb7 Bb8 92. Bc6 Bc7 93. Be8 Be5
94. Bd7 Bd4 95. Bc8 Bg1 96. Bb7 Be3 97. Bc6 Bd4 98. Bb5 Be5 99. Ka3 Bd6+ 100.
Ka2 Bb8 101. Ka1 Be5+ 102. Ka2 Bd4 103. Ka3 Be3 104. Bc6 Bc5+ 105. Ka2 Kc3 106.
Bb5 Bd4 107. Kb1 Be3 108. Ka1 Kc2 109. Bc6 Bg1 110. Bb5 Bf2 111. Ka2 Be1 112.
Bc6 Bd2 113. Bd7 Be3 114. Bb5 Bd4 115. Ka3 1/2-1/2

[Event "ICS Rated blitz match"]
[Site "204.178.125.65"]
[Date "2000.01.21"]
[Round "?"]
[White "Beadle"]
[Black "Hossa"]
[Result "1/2-1/2"]
[WhiteElo "2518"]
[BlackElo "2476"]
[PlyCount "200"]

1. d4 Nf6 2. c4 e6 3. Nf3 b6 4. e3 Bb7 5. Bd3 Bb4+ 6. Bd2 Bxd2+ 7. Nbxd2 c5 8.
O-O d6 9. Kh1 O-O 10. Rc1 Nc6 11. a3 cxd4 12. exd4 Rc8 13. Re1 d5 14. c5 bxc5
15. dxc5 Qa5 16. Rc3 Qc7 17. Qa4 Rfd8 18. Qh4 e5 19. Bf5 Rb8 20. Qg3 Bc8 21.
Bxc8 Rdxc8 22. b4 e4 23. Nh4 Qxg3 24. Rxg3 Nd4 25. Nb1 Nh5 26. Rg4 Nf6 27. Rg3
Nh5 28. Rg5 Nf6 29. Nc3 h6 30. Rxd5 Nxd5 31. Nxd5 Rd8 32. Ne7+ Kf8 33. Nhf5
Nxf5 34. Nxf5 Rd3 35. h4 Rxa3 36. Rxe4 Rb3 37. c6 Rc3 38. Nd4 a6 39. Rf4 Rc1+
40. Kh2 Rc8 41. g3 Rb1 42. g4 g6 43. Kg3 Kg8 44. b5 axb5 45. h5 b4 46. hxg6
fxg6 47. Rf6 Kg7 48. Re6 Rg1+ 49. Kh4 Rd8 50. c7 Rc8 51. Re7+ Kf6 52. Re6+ Kf7
53. Rc6 Rd1 54. Nf3 Rd5 55. Rb6 Rxc7 56. Rxb4 Rc2 57. Kg3 Re2 58. Rf4+ Kg8 59.
Nd4 Re1 60. Nc2 Rg1+ 61. Kf3 Rd2 62. Ne3 Re1 63. Nc4 Ra2 64. Kg3 h5 65. gxh5
gxh5 66. Kh4 Rh1+ 67. Kg3 Raa1 68. Kf3 Rae1 69. Ne3 Kh7 70. Rd4 Kg7 71. Rd7+
Kg6 72. Ke4 h4 73. f4 Rhf1 74. Rd6+ Kg7 75. Rd7+ Kh6 76. Rd6+ Kh7 77. Rd7+ Kg8
78. Rd8+ Kf7 79. Rd7+ Kf6 80. Rd6+ Ke7 81. Rh6 Rh1 82. Rh7+ Kf6 83. Rh6+ Kg7
84. Rd6 Rh2 85. Rd3 Rf2 86. Kf5 Kf8 87. Ng4 Rff1 88. Ne5 Ke8 89. Rc3 Rd1 90.
Rc8+ Rd8 91. Rc6 Rd2 92. Rc8+ Ke7 93. Nc6+ Kf7 94. Ne5+ Kg7 95. Rc7+ Kg8 96.
Rc8+ Kh7 97. Rc7+ Kh8 98. Rc8+ Kg7 99. Rc7+ Kg8 100. Rc8+ Kg7 1/2-1/2

[Event "ICS rated blitz match"]
[Site "204.178.125.65"]
[Date "2000.01.21"]
[Round "?"]
[White "Hossa"]
[Black "Beadle"]
[Result "0-1"]
[WhiteElo "2478"]
[BlackElo "2516"]
[PlyCount "160"]

1. e4 e5 2. Nf3 Nf6 3. d4 exd4 4. e5 Ne4 5. Qxd4 d5 6. exd6 Nxd6 7. Nc3 Nc6 8.
Qf4 Be7 9. Bd3 Be6 10. Bd2 O-O 11. O-O-O Bf6 12. Kb1 Kh8 13. Ne4 Nxe4 14. Qxe4
g6 15. Bh6 Rg8 16. Bc4 Qe7 17. Bxe6 fxe6 18. Rhe1 Rge8 19. Qa4 a6 20. Qb3 Na5
21. Qd3 Qb4 22. Ne5 Rad8 23. Qe2 Rxd1+ 24. Rxd1 Nc6 25. c3 Qc5 26. Nd7 Qf5+ 27.
Ka1 Bg5 28. Bxg5 Qxg5 29. f3 Rd8 30. Qxe6 Ne5 31. f4 Qxf4 32. Qe7 Rxd7 33. Qe8+
Kg7 34. Rxd7+ Nxd7 35. Qxd7+ Kf6 36. Qd8+ Ke6 37. a3 Qf1+ 38. Ka2 Qxg2 39. Qxc7
Qd5+ 40. c4 Qe4 41. Qc8+ Kd6 42. c5+ Ke5 43. Qh8+ Kd5 44. Qxh7 Kxc5 45. Qc7+
Kd4 46. a4 Qd5+ 47. b3 g5 48. Qc2 Ke3 49. Qc3+ Ke2 50. Qc8 Kd3 51. Ka3 Ke3 52.
Qc7 Kd2 53. a5 Ke3 54. Qb6+ Ke4 55. Qc7 Qc6 56. Qxc6+ bxc6 57. Kb4 Kd4 58. Ka3
g4 59. b4 Ke3 60. Kb2 Kf3 61. Kc3 Kg2 62. Kc4 Kxh2 63. Kc5 g3 64. Kxc6 g2 65.
Kb6 g1=Q+ 66. Kxa6 Qg6+ 67. Kb5 Qd3+ 68. Kb6 Qd4+ 69. Kb5 Kg3 70. a6 Kf4 71.
Ka5 Ke5 72. Kb5 Kd5 73. a7 Qc4+ 74. Ka5 Qc7+ 75. Ka4 Qxa7+ 76. Kb5 Qb7+ 77. Ka4
Kc4 78. Ka3 Qxb4+ 79. Ka2 Kc3 80. Ka1 Qb2# 0-1